000 00203 a2200097 4500
001 32652
100 _aTurney
245 _aByron's Daughter
260 _aLondon
_bPeter Davies
_c
090 _c21865
_d21865
942 _aNUST-CAE
_cM
_c13186
999 _c267725
_d267725